000 00818nam a2200217 i 4500
001 153796
003 ES-MaACL
005 20250827062634.0
008 931025s1890 sp |||| | spa d
110 1 _aEspaña
_93622
240 1 0 _aLeyes, etc., de organización judicial
245 1 0 _aOrganización judicial vigente
_b: con una introducción histórica /
_cpor Emilio Bravo Moltó.
260 _aMadrid :
_b[s.n.],
_c1890 (
_fEstab. tip. de Pedro Núñez)
300 _a2 v. ;
_c19 cm.
490 1 _aBiblioteca judicial ;
_v72 ; 73
650 4 _aAdministración de justicia-
_zEspaña.
_99621
700 1 _aBravo Moltó, Emilio.
_931493
830 0 _aBiblioteca judicial ;
_v72 ; 73
_9181856
852 _aES-MaACL
_jB-6687-88
_z-- Enc. pasta española
_x-- Edic.: T. I (279 ; 272 p.)
999 _c153796
_d153796